| 000 | 04533nam a2200469 a 4500 | ||
|---|---|---|---|
| 005 | 20100505155639.0 | ||
| 010 | _aB-417191-210 | ||
| 020 |
_a9780143065463 _c350.00 |
||
| 035 | _aB-417191-210 | ||
| 037 | _bUBH | ||
| 082 | _a808.883 | ||
| 100 |
_aDhar, Maloy Krishna _936945 |
||
| 245 |
_aTrain to India: _cby Maloy Krishana Dhar _bmemories of another Bengal / |
||
| 260 |
_aNew Delhi _bPenguin Books _c2009 |
||
| 270 |
_a11 Community Centre, Panchsheel Park _bNew Delhi _e110017 |
||
| 300 |
_axiii, 307 p. _c20 cm(pbk) |
||
| 520 | _aAnecdotes of a 20th century Indo-English author; some previously published as articles-- | ||
| 600 |
_aBond, Ruskin _vAnecdotes. _936946 |
||
| 650 |
_aAuthors, Indic _y20th century _vAnecdotes. _936947 |
||
| 942 |
_2ddc _cEN _mDHA _h808.883 |
||
| 999 |
_c35720 _d35720 |
||